Formula 1: Most Points Per Team - Red Bull - Statistics

General Stats
  • This quiz has been taken 1,886 times
    735 since last reset
  • The average score is 9 of 11
Answer Stats
Points Driver Nationality Seasons on Red Bull % Correct
2,854.5 Max Verstappen Netherlands 2016-
100%
1,719 Sebastian Vettel Germany 2009-2014
99%
879 Sergio Pérez Mexico 2021-2024
99%
957 Daniel Ricciardo Australia 2014-2018
98%
181 Alexander Albon Thailand 2019-2020
97%
1,166 Mark Webber Australia 2007-2013
96%
63 Pierre Gasly France 2019
94%
116 Daniil Kvyat Russia 2015-2016
88%
180 David Coulthard United Kingdom 2005-2008
73%
44 Christian Klien Austria 2005-2006
36%
6 Vitantonio Liuzzi Italy 2005
32%
No matching quizzes found
Score Distribution
Percent of People with Each Score
Percentile by Number Answered
Your Score History
You have not taken this quiz since the last reset